| 000 | 00708nam a22002177a 4500 | ||
|---|---|---|---|
| 003 | OSt | ||
| 005 | 20251027040411.0 | ||
| 008 | 251027b |||||||| |||| 00| 0 eng d | ||
| 020 | _a978-971-06-6201-2 | ||
| 040 |
_aDWCL - Main Lib _cOC |
||
| 082 | _aRes. 700 S678m 2024 | ||
| 100 | _aSacdalan, Guinevere E. | ||
| 245 |
_aMapeh 7 for todays learner: _bphysical education and health / _cGuinevere E. Sacdalan |
||
| 250 | _a2nd | ||
| 260 |
_aQuezon City, Philippines : _bThe Phoenix Publishing House Inc., _cc2024. |
||
| 300 |
_av, 153 pages : _billustrations ; _c25 cm. |
||
| 504 | _aIncludes bibliography | ||
| 650 | _a1. Health | ||
| 650 | _a2. Physical education | ||
| 942 |
_2ddc _cBK-0 CIRC _n0 _mRes. |
||
| 999 |
_c5133 _d5133 |
||